El hogar jurdano (Record no. 179604)

MARC details
000 -LEADER
campo de control de longitud fija 00885nam a22002171 4500
001 - NÚMERO DE CONTROL
campo de control 179604
003 - IDENTIFICADOR DE NÚMERO DE CONTROL
campo de control ES-MaACL
005 - FECHA Y HORA DE LA ÚLTIMA TRANSACCIÓN
campo de control 20250730024615.0
008 - DATOS DE LONGITUD FIJA--INFORMACIÓN GENERAL
campo de control de longitud fija 111226s1911 sp |||| | spa d
100 1# - ENTRADA PRINCIPAL--NOMBRE DE PERSONA
Nombre de persona Polo Benito, José.
9 (RLIN) 92870
245 13 - MENCIÓN DEL TÍTULO
Título El hogar jurdano
Resto del título : consejos para la construcción en la Jurdes de viviendas sanas y baratas /
Mención de responsabilidad, etc. por José Polo Benito.
260 ## - PUBLICACIÓN, DISTRIBUCIÓN, ETC.
Lugar de publicación, distribución, etc. Madrid :
Nombre del editor, distribuidor, etc. Sociedad Española de Higiene,
Fecha de publicación, distribución, etc. 1911.
300 ## - DESCRIPCIÓN FÍSICA
Extensión 24 p. :
Otras características físicas il. ;
Dimensiones 20 cm.
490 1# - MENCIÓN DE SERIE
Mención de serie Legado Roel : Colección de Memorias Premiadas ;
Designación de volumen o secuencia 9
500 ## - NOTA GENERAL
Nota general Concurso de 1909-1910.
651 #4 - PUNTO DE ACCESO ADICIONAL DE MATERIA--NOMBRE GEOGRÁFICO
Nombre geográfico Las Hurdes (Cáceres, Comarca)-
Subdivisión general Descripción.
9 (RLIN) 159907
710 2# - ENTRADA AGREGADA--NOMBRE DE ENTIDAD CORPORATIVA
Nombre de entidad corporativa o nombre de jurisdicción como elemento de entrada Sociedad Española de Higiene.
9 (RLIN) 6725
830 00 - PUNTO DE ACCESO ADICIONAL DE SERIE-TÍTULO UNIFORME
Título uniforme Legado Roel: Colección de memorias premiadas
Designación de volumen o secuencia 9
9 (RLIN) 183286
852 ## - LOCALIZACIÓN
Ubicación ES-MaACL
Número de control de estantería C-8171(8)
Nota libre .- Encuadernado con otras obras
Holdings
Estatus retirado Estado de pérdida Estado de daño No para préstamo Biblioteca de origen Biblioteca actual Ubicación en estantería Fecha de adquisición Fuente de adquisición Total de préstamos Signatura topográfica completa Código de barras Visto por última vez Precio de reemplazo Tipo de ítem Koha
        Biblioteca del Ateneo de Madrid Biblioteca del Ateneo de Madrid Sala Palomar 26/12/2011     C-8171(8) 1188678 23/02/2023 23/02/2023 Libro impreso